[Event "DEM U12 2012"]
[Site "Oberhof GER"]
[Date "2012.05.30"]
[Round "7"]
[White "Edelmann, Jonas"]
[Black "Reimers, Kim"]
[Result "1/2-1/2"]
[Termination "normal"]
[Board "32"]
[WhiteElo "1289"]
[BlackElo "1473"]
[PlyCount "74"]
[BlackFideId "12930377"]
[EventCountry "GER"]
[EventRounds "11"]
[EventType "swiss"]
[EventDate "2012.05.26"]

1. e4 e6 2. d4 d5 3. Nd2 Nf6 4. e5 Nfd7 5. c3 c5 6. Bd3 Nc6 7. Ne2 Qb6 8. Nf3
cxd4 9. cxd4 f6 10. exf6 Nxf6 11. O-O Bd6 12. h3 O-O 13. Nc3 a6 14. a3 Kh8 15.
Bb1 Bd7 16. Qd3 g6 17. Na4 Qa7 18. Bh6 Rfe8 19. Bc2 Ne7 20. Ne5 Bxe5 21. dxe5
Nfg8 22. Be3 Qb8 23. Nb6 Bb5 24. Qd2 Bxf1 25. Nxa8 Qxa8 26. Rxf1 Nc6 27. f4
Nge7 28. b4 b5 29. Bc5 Nd8 30. Qf2 Nb7 31. Bxe7 Rxe7 32. Qh4 Rf7 33. Bxg6 Rg7
34. Bd3 d4 35. Qf6 Nc5 36. Qxg7+ Kxg7 37. bxc5 Qd5 1/2-1/2

[Event "DEM U12 2012"]
[Site "Oberhof GER"]
[Date "2012.05.30"]
[Round "7"]
[White "Köhler, Inken"]
[Black "Du, Katharina"]
[Result "1-0"]
[Termination "normal"]
[Board "33"]
[WhiteElo "1459"]
[BlackElo "1275"]
[PlyCount "45"]
[WhiteFideId "12929301"]
[BlackFideId "12945757"]
[EventCountry "GER"]
[EventRounds "11"]
[EventType "swiss"]
[EventDate "2012.05.26"]

1. e4 c5 2. b4 cxb4 3. d4 d6 4. Bd3 e5 5. dxe5 dxe5 6. Bb2 Nc6 7. a3 bxa3 8.
Nxa3 Qg5 9. Qf3 Qg4 10. Nb5 Qxf3 11. Nxf3 Kd8 12. Nxe5 Bb4+ 13. Ke2 Nh6 14.
Nxc6+ bxc6 15. Bxg7 Rg8 16. Bxh6 cxb5 17. Bxb5 Bb7 18. Rhd1+ Kc8 19. Bd7+ Kc7
20. Bf4+ Kb6 21. Rab1 Ba6+ 22. Kf3 Kc5 23. Bd6+ 1-0

[Event "DEM U12 2012"]
[Site "Oberhof GER"]
[Date "2012.05.30"]
[Round "7"]
[White "Junk, Phillip"]
[Black "Kolchugina, Lada"]
[Result "0-1"]
[Termination "normal"]
[Board "34"]
[WhiteElo "1443"]
[BlackElo "1074"]
[PlyCount "72"]
[WhiteFideId "12952095"]
[BlackFideId "12929743"]
[EventCountry "GER"]
[EventRounds "11"]
[EventType "swiss"]
[EventDate "2012.05.26"]

1. e4 e5 2. Nf3 Nc6 3. Bc4 Nf6 4. Ng5 d5 5. exd5 Na5 6. Bb5+ c6 7. dxc6 bxc6 8.
Ba4 h6 9. Nf3 e4 10. Ne5 Qd4 11. Bxc6+ Nxc6 12. Nxc6 Qc5 13. Nxa7 Qxa7 14. Nc3
Bc5 15. O-O O-O 16. h3 Re8 17. b3 Ba6 18. Ne2 Rad8 19. Bb2 e3 20. d4 exf2+ 21.
Rxf2 Bxe2 22. Rxe2 Rxe2 23. Qxe2 Bxd4+ 24. Kh1 Bxb2 25. Rd1 Rxd1+ 26. Qxd1 Qa5
27. a4 Ne4 28. Qb1 Nf2+ 29. Kg1 Bd4 30. Kf1 Qa6+ 31. c4 Qf6 32. Ke2 Qe5+ 33.
Kf1 Qf4 34. Ke2 Qe3+ 35. Kf1 Nd3 36. Qxd3 Qf2# 0-1

[Event "DEM U12 2012"]
[Site "Oberhof GER"]
[Date "2012.05.30"]
[Round "7"]
[White "Steffens, Oliver"]
[Black "Heldt, Nils-Lennart"]
[Result "1/2-1/2"]
[Termination "normal"]
[Board "35"]
[WhiteElo "1262"]
[BlackElo "1408"]
[PlyCount "42"]
[WhiteFideId "12947148"]
[BlackFideId "12952109"]
[EventCountry "GER"]
[EventRounds "11"]
[EventType "swiss"]
[EventDate "2012.05.26"]

1. e4 e6 2. d4 d5 3. Nc3 dxe4 4. Nxe4 Nd7 5. Nf3 Ngf6 6. Nxf6+ Nxf6 7. c3 Be7
8. Bd3 O-O 9. Bf4 b6 10. Qc2 Bb7 11. O-O-O Qd5 12. Kb1 Qd8 13. Rhg1 h6 14. Qd2
Kh8 15. Rde1 Kg8 16. Be5 Bxf3 17. Bxf6 Bxf6 18. gxf3 Kh8 19. Be4 Rc8 20. Bb7
Rb8 21. Be4 Rc8 1/2-1/2

[Event "DEM U12 2012"]
[Site "Oberhof GER"]
[Date "2012.05.30"]
[Round "7"]
[White "Özkan, Afet-Ekin"]
[Black "Usczeck, Alina"]
[Result "1/2-1/2"]
[Termination "normal"]
[Board "36"]
[WhiteElo "1406"]
[BlackElo "1255"]
[PlyCount "95"]
[WhiteFideId "12952117"]
[BlackFideId "12938114"]
[EventCountry "GER"]
[EventRounds "11"]
[EventType "swiss"]
[EventDate "2012.05.26"]

1. d4 d5 2. c4 e6 3. Nc3 Be7 4. Nf3 Nf6 5. g3 b6 6. Bg2 O-O 7. O-O Bb7 8. b3
Nbd7 9. Bb2 c5 10. e3 Rc8 11. Nd2 Ba6 12. Nb5 Bxb5 13. cxb5 Ne8 14. Rc1 Nd6 15.
Qe2 Bf6 16. Ba3 Nf5 17. Rc2 Re8 18. Rfc1 Qe7 19. Qd3 Rc7 20. Bxd5 Nxd4 21. exd4
exd5 22. dxc5 Nxc5 23. Qf3 Qd6 24. Rd1 Qe5 25. Nf1 Bg5 26. Rxd5 Qe7 27. b4 Ne6
28. Re2 Rcc8 29. Qe4 Rc3 30. Bb2 Rc7 31. h4 Bc1 32. Be5 Rcc8 33. Qg4 Bh6 34.
Ne3 Rc1+ 35. Kg2 g6 36. h5 Ng5 37. f4 Ne4 38. f5 Nf6 39. Bxf6 Qxf6 40. Rd3 Bxe3
41. Rdxe3 Rxe3 42. Rxe3 Qa1 43. Re8+ Kg7 44. h6+ Kf6 45. Re2 Rg1+ 46. Kf3 Qf1+
47. Ke3 Qc1+ 48. Kf2 1/2-1/2

[Event "DEM U12 2012"]
[Site "Oberhof GER"]
[Date "2012.05.30"]
[Round "7"]
[White "Dallinger, Moritz"]
[Black "Schröder, Janina"]
[Result "1-0"]
[Termination "normal"]
[Board "37"]
[WhiteElo "1547"]
[BlackElo "1353"]
[PlyCount "121"]
[WhiteFideId "12910864"]
[BlackFideId "24693138"]
[EventCountry "GER"]
[EventRounds "11"]
[EventType "swiss"]
[EventDate "2012.05.26"]

1. e4 e5 2. Nf3 Nc6 3. Bb5 a6 4. Ba4 b5 5. Bb3 Nf6 6. O-O d6 7. Re1 Be7 8. c3
O-O 9. d3 Bg4 10. h3 Bh5 11. Nbd2 Na5 12. Bc2 c5 13. Nf1 h6 14. Ng3 Bg6 15. Nh4
Bh7 16. Nhf5 Bxf5 17. Nxf5 Nc6 18. Qf3 Nh7 19. Qg3 Bf6 20. Bxh6 Ne7 21. Bxg7
Nxf5 22. Bxf6+ Nxg3 23. Bxd8 Nxe4 24. Rxe4 Rfxd8 25. Rg4+ Kf8 26. Rh4 Nf6 27.
Rh8+ Ke7 28. Rxd8 Rxd8 29. Re1 Rg8 30. f4 Nd7 31. fxe5 dxe5 32. Bb3 Rg5 33. Rf1
f6 34. Kh2 Nf8 35. Bd5 Ne6 36. Bxe6 Kxe6 37. g4 c4 38. dxc4 bxc4 39. Kg3 e4 40.
h4 Rb5 41. Rf2 Ra5 42. a3 Rd5 43. Kf4 Re5 44. h5 f5 45. h6 Rd5 46. h7 Rd8 47.
gxf5+ Kf6 48. Kxe4 Rh8 49. Rh2 Re8+ 50. Kf3 Rh8 51. Kf4 Kg7 52. Kg5 Rxh7 53.
Rxh7+ Kxh7 54. Kf6 Kg8 55. Ke7 a5 56. f6 a4 57. f7+ Kg7 58. f8=Q+ Kg6 59. Qf4
Kh7 60. Kf7 Kh8 61. Qh6# 1-0

[Event "DEM U12 2012"]
[Site "Oberhof GER"]
[Date "2012.05.30"]
[Round "7"]
[White "Wallat, Jessica"]
[Black "Torgashov, Katerina"]
[Result "1-0"]
[Termination "normal"]
[Board "38"]
[WhiteElo "1596"]
[BlackElo "1222"]
[PlyCount "63"]
[WhiteFideId "12909637"]
[BlackFideId "12938173"]
[EventCountry "GER"]
[EventRounds "11"]
[EventType "swiss"]
[EventDate "2012.05.26"]

1. e4 e5 2. Nf3 Nc6 3. Bc4 Nf6 4. Ng5 d5 5. exd5 Na5 6. Bb5+ c6 7. dxc6 bxc6 8.
Qf3 Bb7 9. Ba4 h6 10. Ne4 Nd7 11. a3 Rb8 12. b4 Nc4 13. Bb3 Be7 14. Bxc4 O-O
15. O-O Nf6 16. Nbc3 Qd4 17. Nxf6+ Bxf6 18. Qd3 Qg4 19. h3 Qh4 20. Bb3 e4 21.
Qg3 Qxg3 22. fxg3 Bxc3 23. dxc3 Rbe8 24. Bf4 Rd8 25. Rfe1 Rfe8 26. Be3 Kh7 27.
Bxf7 Rf8 28. Bb3 a6 29. Rad1 Rde8 30. Rd7 Bc8 31. Rc7 Rf6 32. Bd4 1-0

[Event "DEM U12 2012"]
[Site "Oberhof GER"]
[Date "2012.05.30"]
[Round "7"]
[White "Killgus, Leonard"]
[Black "Gericke, Nicholas"]
[Result "1/2-1/2"]
[Termination "normal"]
[Board "39"]
[WhiteElo "1374"]
[BlackElo "1188"]
[PlyCount "52"]
[WhiteFideId "12922021"]
[BlackFideId "12952141"]
[EventCountry "GER"]
[EventRounds "11"]
[EventType "swiss"]
[EventDate "2012.05.26"]

1. e4 e5 2. Nf3 Nc6 3. Bc4 Bc5 4. b4 Bb6 5. a4 a6 6. Nc3 d6 7. b5 axb5 8. Bxb5
Bd7 9. O-O Nf6 10. Ne2 Nxe4 11. d4 exd4 12. Bb2 Nf6 13. Nexd4 O-O 14. Nb3 Na5
15. Bxf6 gxf6 16. Bxd7 Qxd7 17. Nh4 Nc4 18. Qf3 Ne5 19. Qxf6 Qe6 20. Qg5+ Ng6
21. a5 Ba7 22. Nd2 Qe5 23. Nf5 f6 24. Qg4 Qf4 25. Qxf4 Nxf4 26. Rfb1 Rab8
1/2-1/2

[Event "DEM U12 2012"]
[Site "Oberhof GER"]
[Date "2012.05.30"]
[Round "7"]
[White "Schnabel, Bennett"]
[Black "Denkert, Anna"]
[Result "1-0"]
[Termination "time forfeit"]
[Board "40"]
[WhiteElo "1693"]
[BlackElo "1519"]
[PlyCount "77"]
[WhiteFideId "12943290"]
[BlackFideId "12938122"]
[EventCountry "GER"]
[EventRounds "11"]
[EventType "swiss"]
[EventDate "2012.05.26"]

1. d4 Nf6 2. Nd2 g6 3. e3 Bg7 4. Ngf3 d5 5. Bd3 O-O 6. O-O b6 7. c3 Ba6 8. Bxa6
Nxa6 9. Ne5 c5 10. b3 Rc8 11. Qe2 Nb8 12. Ba3 Nbd7 13. Ndf3 Nxe5 14. Nxe5 Ne4
15. Rac1 cxd4 16. cxd4 Bxe5 17. dxe5 Qd7 18. f3 Nc3 19. Qd3 d4 20. exd4 Nxa2
21. Rc4 Rxc4 22. bxc4 a5 23. Rf2 Nb4 24. Bxb4 axb4 25. Rb2 Ra8 26. Rxb4 Ra1+
27. Kf2 Ra2+ 28. Kg3 h5 29. h4 Kg7 30. Rxb6 f6 31. Qe3 Qd8 32. Re6 Qc7 33. d5
Kf7 34. Kh3 Ra4 35. exf6 exf6 36. Qd4 Qd8 37. Rc6 Qd7+ 38. Kh2 Ra2 39. Qxf6+
1-0

[Event "DEM U12 2012"]
[Site "Oberhof GER"]
[Date "2012.05.30"]
[Round "7"]
[White "Schluckner, Paul-Leopold"]
[Black "Fromm, Katja"]
[Result "0-1"]
[Termination "normal"]
[Board "41"]
[WhiteElo "1110"]
[BlackElo "1367"]
[PlyCount "70"]
[WhiteFideId "12952168"]
[BlackFideId "12929409"]
[EventCountry "GER"]
[EventRounds "11"]
[EventType "swiss"]
[EventDate "2012.05.26"]

1. e4 c6 2. Nf3 d5 3. Nc3 dxe4 4. Nxe4 Bf5 5. Ng3 Bg6 6. h4 h6 7. Ne5 Qd6 8.
Nxg6 Qxg6 9. Bc4 Nd7 10. d3 Qd6 11. Be3 Qb4+ 12. Qd2 Qxb2 13. O-O b5 14. Rab1
Qa3 15. Bb3 e6 16. c4 Bb4 17. Qb2 Qxb2 18. Rxb2 a6 19. Bd1 Be7 20. Bf3 Ne5 21.
Be2 Bxh4 22. Bd4 Bf6 23. Ne4 Nf3+ 24. Bxf3 Bxd4 25. Re2 Rd8 26. Nd2 Ne7 27. Nb3
Bb6 28. cxb5 cxb5 29. Rd1 O-O 30. Rc2 Rd6 31. Kf1 Nf5 32. g3 Rfd8 33. Rcd2 a5
34. Nc1 b4 35. a4 Bd4 0-1

[Event "DEM U12 2012"]
[Site "Oberhof GER"]
[Date "2012.05.30"]
[Round "7"]
[White "Ley, Sabrina"]
[Black "Möller, Hannah"]
[Result "1-0"]
[Termination "normal"]
[Board "42"]
[WhiteElo "1334"]
[BlackElo "1077"]
[PlyCount "79"]
[WhiteFideId "12938130"]
[BlackFideId "1270514"]
[EventCountry "GER"]
[EventRounds "11"]
[EventType "swiss"]
[EventDate "2012.05.26"]

1. e4 d6 2. d4 Nf6 3. Nc3 g6 4. Bc4 Bg7 5. Nf3 Bg4 6. h3 Bxf3 7. Qxf3 Nc6 8.
Be3 e5 9. Qd1 exd4 10. Bxd4 O-O 11. Be3 Ne5 12. Bb3 a5 13. a3 Re8 14. O-O Nc6
15. Qd3 Na7 16. Rfe1 b5 17. Bxa7 Rxa7 18. Nxb5 Ra8 19. Qc4 Rc8 20. Qxf7+ Kh8
21. Qc4 Qe7 22. Nc3 Nd7 23. Rad1 Nc5 24. Ba2 Rf8 25. b4 axb4 26. axb4 Nd7 27.
Bb3 Qf6 28. Nd5 Qxf2+ 29. Kh1 Be5 30. Qd3 Nf6 31. Rf1 Qh4 32. Nxf6 Bxf6 33. Rf3
Be5 34. Rdf1 Rxf3 35. Qxf3 d5 36. Bxd5 Bd6 37. c3 Rf8 38. Qd3 Rxf1+ 39. Qxf1
Qg3 40. Qf6# 1-0

[Event "DEM U12 2012"]
[Site "Oberhof GER"]
[Date "2012.05.30"]
[Round "7"]
[White "Lai Hop, Long"]
[Black "Kummer, Birte"]
[Result "1-0"]
[Termination "normal"]
[Board "43"]
[WhiteElo "1331"]
[BlackElo "963"]
[PlyCount "51"]
[WhiteFideId "12942707"]
[BlackFideId "12952214"]
[EventCountry "GER"]
[EventRounds "11"]
[EventType "swiss"]
[EventDate "2012.05.26"]

1. e4 e5 2. Nf3 d6 3. d4 exd4 4. Nxd4 Nf6 5. Nc3 Be7 6. Bc4 O-O 7. Be3 Bd7 8.
Qd2 Nc6 9. O-O-O a6 10. f4 b5 11. Bd5 Nxd5 12. Nxd5 Rb8 13. a3 Nxd4 14. Bxd4
Bc6 15. Bxg7 Kxg7 16. Qc3+ Kg8 17. Qxc6 a5 18. Qxc7 Qxc7 19. Nxc7 Rb7 20. Nd5
Rd8 21. Nxe7+ Rxe7 22. e5 Red7 23. exd6 Rxd6 24. Rxd6 Rxd6 25. g4 Kg7 26. Rd1
1-0

[Event "DEM U12 2012"]
[Site "Oberhof GER"]
[Date "2012.05.30"]
[Round "7"]
[White "Zimmer, Luca"]
[Black "Hacklinger, Dilan"]
[Result "1-0"]
[Termination "normal"]
[Board "47"]
[WhiteElo "1051"]
[BlackElo "1151"]
[PlyCount "80"]
[WhiteFideId "12921424"]
[BlackFideId "12952150"]
[EventCountry "GER"]
[EventRounds "11"]
[EventType "swiss"]
[EventDate "2012.05.26"]

1. e4 e6 2. d4 d5 3. e5 c5 4. Qg4 cxd4 5. Nf3 Qb6 6. Bd3 Ne7 7. O-O Bd7 8. Re1
Bb5 9. Bxb5+ Qxb5 10. Nxd4 Qb4 11. c3 Qb6 12. Na3 Ng6 13. f4 Be7 14. Rb1 Nc6
15. Be3 Bc5 16. Nac2 O-O 17. b4 Be7 18. Nxe6 d4 19. Nxf8 dxe3 20. Nxg6 hxg6 21.
Nxe3 Rd8 22. Kh1 Rd2 23. Re2 Rd3 24. Rbe1 a5 25. a3 axb4 26. axb4 Qa7 27. Nc2
Rxc3 28. Qc8+ Kh7 29. b5 Qa2 30. bxc6 bxc6 31. Nd4 Qc4 32. Re4 Bc5 33. Qxc6
Bxd4 34. Qxc4 Rxc4 35. Rd1 Rc2 36. Rexd4 Kh6 37. g4 g5 38. f5 Rf2 39. R4d3 Kh7
40. Rh3+ Kg8 1-0

[Event "DEM U12 2012"]
[Site "Oberhof GER"]
[Date "2012.05.30"]
[Round "7"]
[White "Schulz, Theresa Charlotte"]
[Black "Schumacher, Aaron"]
[Result "1-0"]
[Termination "normal"]
[Board "48"]
[WhiteElo "1011"]
[BlackElo "1087"]
[PlyCount "109"]
[WhiteFideId "12952206"]
[EventCountry "GER"]
[EventRounds "11"]
[EventType "swiss"]
[EventDate "2012.05.26"]

1. d4 e6 2. e3 d5 3. Bd3 c5 4. c3 Nf6 5. f4 Nc6 6. Nf3 Bd7 7. Nbd2 Ng4 8. O-O
Nxe3 9. Qe1 Nxf1 10. Qxf1 Bd6 11. Qe1 b6 12. Qg3 Qc7 13. Ne5 g6 14. Ndf3 c4 15.
Bc2 Nxe5 16. fxe5 Be7 17. Bg5 Bc6 18. Rf1 h6 19. Bf6 Bxf6 20. exf6 Qxg3 21.
hxg3 O-O-O 22. Ne5 Rd6 23. Nxf7 Rdd8 24. Nxh8 Rxh8 25. f7 Rf8 26. Bxg6 Kd8 27.
Bh5 a5 28. Rf6 Ke7 29. Rxh6 b5 30. g4 b4 31. g5 b3 32. a3 Bd7 33. g6 Kf6 34.
Rh7 Be8 35. fxe8=Q Rxe8 36. g7 Rg8 37. Rh8 Rxg7 38. Ra8 Kg5 39. g4 Re7 40. Rxa5
e5 41. Rxd5 Ra7 42. Rxe5+ Kf6 43. g5+ Kg7 44. d5 Rb7 45. g6 Kf6 46. Re6+ Kg5
47. Bf3 Kf4 48. Kf2 Ra7 49. d6 Kf5 50. Re7 Ra6 51. d7 Rd6 52. g7 Rd2+ 53. Be2
Kf6 54. g8=Q Kxe7 55. Qg5+ 1-0

[Event "DEM U12 2012"]
[Site "Oberhof GER"]
[Date "2012.05.30"]
[Round "7"]
[White "Friedrich, Laura"]
[Black "ter Stal, Esther"]
[Result "0-1"]
[Termination "normal"]
[Board "49"]
[WhiteElo "840"]
[BlackElo "984"]
[PlyCount "126"]
[WhiteFideId "12952249"]
[BlackFideId "12944467"]
[EventCountry "GER"]
[EventRounds "11"]
[EventType "swiss"]
[EventDate "2012.05.26"]

1. e4 c6 2. Nf3 d5 3. e5 Bf5 4. Nc3 e6 5. g3 Bb4 6. Bg2 Ne7 7. O-O O-O 8. d4 c5
9. dxc5 Bxc5 10. Bg5 Nbc6 11. a3 Qb6 12. b4 Bxb4 13. axb4 Qxb4 14. Na4 b5 15.
Bd2 Qc4 16. Nb2 Qxc2 17. Qxc2 Bxc2 18. Rac1 Bf5 19. Bg5 Rfc8 20. Nh4 Bg6 21.
Nxg6 Nxg6 22. Bf4 Ngxe5 23. Bxe5 Nxe5 24. Rxc8+ Rxc8 25. f4 Nc4 26. Nd3 Ne3 27.
Rf2 Nxg2 28. Rxg2 Kf8 29. Ne5 Rc1+ 30. Kf2 Rc2+ 31. Kf3 Rxg2 32. Kxg2 a5 33.
Nd3 b4 34. Nb2 Ke8 35. Kf2 Kd7 36. Ke2 Kc6 37. Kd2 Kb5 38. Kc2 a4 39. Kb1 b3
40. h4 Kb4 41. Nd3+ Kc3 42. Nb2 a3 43. Nd1+ Kb4 44. g4 b2 45. Nxb2 axb2 46.
Kxb2 Kc4 47. g5 Kd3 48. Kc1 Ke2 49. Kc2 d4 50. Kb2 d3 51. Kc3 d2 52. Kc4 d1=Q
53. Kc5 Qd3 54. Kc6 Qd5+ 55. Kc7 Kd3 56. Kc8 Qd6 57. Kb7 Qc5 58. Kb8 Qc6 59.
Ka7 Qb5 60. Ka8 Kc4 61. Ka7 Kc5 62. Ka8 Kc6 63. Ka7 Qb7# 0-1

[Event "DEM U12 2012"]
[Site "Oberhof GER"]
[Date "2012.06.01"]
[Round "10"]
[White "Lagunow, Raphael"]
[Black "Dürr, Florian"]
[Result "1/2-1/2"]
[Termination "normal"]
[Board "1"]
[WhiteElo "1860"]
[BlackElo "1934"]
[PlyCount "74"]
[WhiteFideId "24652644"]
[BlackFideId "24659134"]
[EventCountry "GER"]
[EventRounds "11"]
[EventType "swiss"]
[EventDate "2012.05.26"]

1. Nf3 Nf6 2. g3 g6 3. Bg2 Bg7 4. c4 O-O 5. O-O d5 6. cxd5 Nxd5 7. d4 Nc6 8. e4
Nb6 9. h3 Nxd4 10. Nc3 e5 11. b3 Nxf3+ 12. Qxf3 Qe7 13. Bb2 Be6 14. Qe2 Rad8
15. Nb5 a6 16. Ba3 c5 17. Rac1 Nd7 18. Nc7 Rc8 19. Nxe6 fxe6 20. Rfd1 Rfd8 21.
h4 b6 22. Bh3 Nb8 23. Qc4 Kf7 24. Bb2 Rc6 25. a4 Rxd1+ 26. Rxd1 Rd6 27. Rxd6
Qxd6 28. Ba3 a5 29. Bb2 Bh6 30. h5 Bd2 31. hxg6+ hxg6 32. Qe2 Nc6 33. Qa6 Nd4
34. Bxd4 cxd4 35. Qc4 Bb4 36. Bf1 Ke7 37. Bd3 Qc5 1/2-1/2

[Event "DEM U12 2012"]
[Site "Oberhof GER"]
[Date "2012.06.01"]
[Round "10"]
[White "Gungl, Theo"]
[Black "Ovsepyan, Arshak"]
[Result "0-1"]
[Termination "normal"]
[Board "2"]
[WhiteElo "1818"]
[BlackElo "1951"]
[PlyCount "110"]
[WhiteFideId "24695653"]
[BlackFideId "24690236"]
[EventCountry "GER"]
[EventRounds "11"]
[EventType "swiss"]
[EventDate "2012.05.26"]

1. e4 e6 2. d4 d5 3. Nd2 Be7 4. c3 dxe4 5. Nxe4 Nf6 6. Nxf6+ Bxf6 7. Nf3 O-O 8.
Be2 b6 9. O-O Bb7 10. Bf4 Nc6 11. Qc2 Ne7 12. Rad1 Ng6 13. Bg3 Qe7 14. Rfe1
Rfd8 15. a3 c5 16. dxc5 Qxc5 17. Rxd8+ Rxd8 18. Rd1 Qe7 19. Rd3 h6 20. Qd1 Rxd3
21. Qxd3 e5 22. Nd2 Bg5 23. Ne4 Bf4 24. f3 Kh7 25. Bxf4 exf4 26. Nd6 Bc6 27.
Nf5 Qc5+ 28. Nd4 Bd7 29. Kf1 f5 30. b4 Qe5 31. Qc2 Ne7 32. Bd3 g6 33. Qe2 Qe3
34. Qxe3 fxe3 35. Ke2 Nd5 36. c4 Nf4+ 37. Kxe3 Nxg2+ 38. Kf2 Nf4 39. Bc2 Kg7
40. c5 bxc5 41. bxc5 Kf6 42. c6 Bc8 43. Nb5 Nd5 44. Bb3 Ne7 45. Nxa7 Ke5 46.
Nxc8 Nxc8 47. Bf7 g5 48. Bg6 Ne7 49. c7 f4 50. Kg2 Kd6 51. Kh3 Kxc7 52. Bc2 Nd5
53. Be4 Ne3 54. Bd5 Nxd5 55. Kg4 Ne3+ 0-1

[Event "DEM U12 2012"]
[Site "Oberhof GER"]
[Date "2012.06.01"]
[Round "10"]
[White "Vogel, Roven"]
[Black "Martin, Julian"]
[Result "1-0"]
[Termination "normal"]
[Board "3"]
[WhiteElo "1944"]
[BlackElo "1627"]
[PlyCount "141"]
[WhiteFideId "12908088"]
[BlackFideId "12941000"]
[EventCountry "GER"]
[EventRounds "11"]
[EventType "swiss"]
[EventDate "2012.05.26"]

1. d4 d5 2. c4 e6 3. Nf3 Nf6 4. g3 c5 5. cxd5 Nxd5 6. Bg2 Be7 7. O-O O-O 8. Nc3
Nxc3 9. bxc3 Nc6 10. Bb2 f5 11. Qc2 cxd4 12. cxd4 Nb4 13. Qb3 Nd5 14. Ne5 a5
15. Rac1 Ra6 16. a3 Bf6 17. Rfd1 a4 18. Qa2 b5 19. Rc5 Rd6 20. Rdc1 Ba6 21. e3
Nb6 22. Nc6 Qd7 23. Nb4 Nd5 24. Nxd5 exd5 25. Bxd5+ Kh8 26. Bc6 Qe7 27. Bxb5
Bb7 28. Bc6 Bxc6 29. Rxc6 Rxc6 30. Rxc6 Qb7 31. Rc1 Rb8 32. Bc3 Be7 33. Ra1 h6
34. Bb4 Bxb4 35. axb4 Ra8 36. Qa3 Qf3 37. b5 Qd5 38. Rb1 Qe4 39. Rb4 Rc8 40.
Qa1 Qd3 41. Rxa4 Qxb5 42. Ra8 Rxa8 43. Qxa8+ Kh7 44. Kg2 Qd3 45. Qd5 g5 46. Qe5
f4 47. exf4 g4 48. Qe3 Qb5 49. Qe4+ Kg8 50. Qg6+ Kf8 51. Qxh6+ Ke8 52. Qg6+ Kf8
53. Qf6+ Ke8 54. Qe5+ Qxe5 55. fxe5 Ke7 56. d5 Kd7 57. h4 gxh3+ 58. Kxh3 Ke7
59. f4 Kf7 60. f5 Ke7 61. g4 Kf7 62. g5 Ke7 63. Kg2 Kf7 64. Kf2 Ke7 65. Ke1 Kf7
66. d6 Ke8 67. e6 Kf8 68. f6 Ke8 69. g6 Kf8 70. d7 Kg8 71. e7 1-0

[Event "DEM U12 2012"]
[Site "Oberhof GER"]
[Date "2012.06.01"]
[Round "10"]
[White "Kitze, Alexander"]
[Black "Fieberg, Samuel"]
[Result "1-0"]
[Termination "normal"]
[Board "4"]
[WhiteElo "1811"]
[BlackElo "1872"]
[PlyCount "105"]
[WhiteFideId "12914827"]
[BlackFideId "12901717"]
[EventCountry "GER"]
[EventRounds "11"]
[EventType "swiss"]
[EventDate "2012.05.26"]

1. e4 c5 2. Nf3 d6 3. d4 cxd4 4. Nxd4 Nf6 5. Nc3 Bd7 6. Bg5 e6 7. Ndb5 Bc6 8.
Bxf6 gxf6 9. Qh5 a6 10. Nd4 Qb6 11. O-O-O Qc5 12. Qh3 Be7 13. Be2 h5 14. f4 h4
15. f5 e5 16. Nb3 Qb4 17. a3 Qb6 18. Kb1 Nd7 19. g3 Qe3 20. Bc4 Nb6 21. Rhe1
Qh6 22. Bd5 Nxd5 23. Nxd5 Bxd5 24. Rxd5 Rc8 25. gxh4 Qxh4 26. Qxh4 Rxh4 27. Re2
Rc4 28. Nd2 Rc5 29. Rxc5 dxc5 30. c4 Bf8 31. Kc2 Bh6 32. Nb1 Bf4 33. Nc3 Rxh2
34. Rxh2 Bxh2 35. Nd5 Bg3 36. Nxf6+ Ke7 37. Nd5+ Kd6 38. b3 Bh4 39. Kd1 b5 40.
a4 bxc4 41. bxc4 Bg5 42. Ke2 Bh6 43. Kf3 Bc1 44. Kg4 Bh6 45. f6 Bc1 46. Kf5 Bd2
47. Ne7 Bf4 48. Ng6 fxg6+ 49. Kxg6 Ke6 50. f7 Bh6 51. Kxh6 Kxf7 52. Kg5 Ke6 53.
a5 1-0

[Event "DEM U12 2012"]
[Site "Oberhof GER"]
[Date "2012.06.01"]
[Round "10"]
[White "Pallas, Sebastian"]
[Black "Graf, Clara Victoria"]
[Result "1/2-1/2"]
[Termination "normal"]
[Board "5"]
[WhiteElo "1793"]
[BlackElo "1727"]
[PlyCount "102"]
[WhiteFideId "12905453"]
[BlackFideId "1270339"]
[EventCountry "GER"]
[EventRounds "11"]
[EventType "swiss"]
[EventDate "2012.05.26"]

1. e4 c5 2. Nf3 a6 3. c3 d5 4. exd5 Qxd5 5. d4 e6 6. Nbd2 Nf6 7. Bd3 Nc6 8. Bc4
Qd6 9. dxc5 Qxc5 10. Qe2 b5 11. Bd3 Be7 12. O-O O-O 13. Ne4 Nxe4 14. Bxe4 Bb7
15. Be3 Qd6 16. Rad1 Qc7 17. Nd4 Bf6 18. Nb3 Ne5 19. Bxb7 Qxb7 20. Nc5 Qc6 21.
f4 Nc4 22. Nd7 Be7 23. Kh1 Nxe3 24. Qxe3 Rfd8 25. Ne5 Qc5 26. Qf3 Bd6 27. Nc6
Rdc8 28. Nd4 Qc4 29. Nb3 Qc7 30. h3 Qc6 31. Qg4 Rd8 32. f5 e5 33. Nd2 f6 34.
Ne4 Be7 35. Rde1 Qc4 36. b3 Qf7 37. Rd1 Qe8 38. h4 Rxd1 39. Rxd1 Rd8 40. Kg1
Rxd1+ 41. Qxd1 Qd8 42. Qxd8+ Bxd8 43. Kf1 g6 44. g4 Kf7 45. c4 bxc4 46. bxc4
Ke7 47. Ke2 a5 48. Kd3 Kd7 49. c5 Kc6 50. Kc4 Be7 51. fxg6 hxg6 1/2-1/2

[Event "DEM U12 2012"]
[Site "Oberhof GER"]
[Date "2012.06.01"]
[Round "10"]
[White "Höglauer, Patrick"]
[Black "Schröder, Kevin"]
[Result "1-0"]
[Termination "normal"]
[Board "6"]
[WhiteElo "1847"]
[BlackElo "2036"]
[PlyCount "107"]
[WhiteFideId "1270548"]
[BlackFideId "12929840"]
[EventCountry "GER"]
[EventRounds "11"]
[EventType "swiss"]
[EventDate "2012.05.26"]

1. e4 c5 2. Nf3 d6 3. d4 cxd4 4. Nxd4 Nf6 5. f3 e5 6. Bb5+ Bd7 7. Bxd7+ Qxd7 8.
Nf5 d5 9. Bg5 dxe4 10. Bxf6 Qxd1+ 11. Kxd1 gxf6 12. fxe4 Nd7 13. c3 Nc5 14. Nd2
O-O-O 15. Ke2 Nd3 16. Nc4 Nf4+ 17. Kf3 Rd3+ 18. Nce3 Bc5 19. Rad1 Rhd8 20. Rxd3
Rxd3 21. Rd1 Rxd1 22. Nxd1 Kd7 23. h4 Nd3 24. b4 Bb6 25. Nde3 a5 26. Nd5 Bd8
27. Ke3 Nb2 28. Kd2 Nc4+ 29. Kd3 Nd6 30. Nxd6 Kxd6 31. Ne3 axb4 32. cxb4 Kc6
33. Kc4 b5+ 34. Kb3 Bb6 35. Nf5 Bf2 36. h5 Be1 37. g4 Bd2 38. a4 bxa4+ 39. Kxa4
Be1 40. Ne7+ Kb7 41. Kb5 Bh4 42. Nf5 Bg5 43. Kc5 Bd2 44. b5 Ba5 45. Nd6+ Kc7
46. Ne8+ Kd7 47. Nxf6+ Ke7 48. Nd5+ Kf8 49. b6 Bxb6+ 50. Kxb6 Kg7 51. Kc6 Kh6
52. Kd6 Kg5 53. Kxe5 Kxg4 54. Kf6 1-0

[Event "DEM U12 2012"]
[Site "Oberhof GER"]
[Date "2012.06.01"]
[Round "10"]
[White "Schmidek, Emil"]
[Black "Burg, Niclas"]
[Result "1-0"]
[Termination "normal"]
[Board "7"]
[WhiteElo "1800"]
[BlackElo "1614"]
[PlyCount "79"]
[WhiteFideId "12908150"]
[BlackFideId "1271968"]
[EventCountry "GER"]
[EventRounds "11"]
[EventType "swiss"]
[EventDate "2012.05.26"]

1. e4 c5 2. Nf3 Nc6 3. d4 cxd4 4. Nxd4 Nf6 5. Nc3 e5 6. Ndb5 d6 7. Bg5 a6 8.
Na3 b5 9. Bxf6 gxf6 10. Nd5 Bg7 11. g3 O-O 12. Bg2 f5 13. exf5 Bxf5 14. c3 Qg5
15. O-O Rad8 16. Nc7 Nb8 17. Nc2 Bxc2 18. Qxc2 Qe7 19. Nd5 Qg5 20. Rad1 f5 21.
Nc7 f4 22. Ne6 Qg6 23. Qxg6 hxg6 24. Nxd8 Rxd8 25. gxf4 exf4 26. Rfe1 Kf7 27.
Bd5+ Kf6 28. Bb3 g5 29. Re6+ Kf5 30. Rexd6 Rxd6 31. Rxd6 Kg4 32. Be6+ Kh4 33.
Rb6 Be5 34. Bc8 g4 35. Bxa6 Nxa6 36. Rxa6 f3 37. Rb6 b4 38. cxb4 Bf4 39. Rb7
Bd6 40. b5 1-0